Eurovision Song Lyrics - Ukraine - Statistics

General Stats
  • This quiz has been taken 24 times
  • The average score is 103 of 207
Answer Stats
Answer % Correct
a
91%
I
83%
I)
83%
go
70%
heart
65%
of
65%
steel
65%
steel,
65%
you
65%
You
65%
'Cause
61%
got
61%
no
61%
ти
57%
Don't
57%
feel
57%
Get
57%
get
57%
how
57%
out
57%
say
57%
way
57%
what
57%
be
52%
just
52%
my
52%
the
52%
to
52%
When
52%
на
48%
Я
48%
And
48%
it
48%
win
48%
care
43%
I'm
43%
know
43%
let
43%
Or
43%
away
39%
can
39%
for
39%
in
39%
is
39%
Life
39%
matter
39%
(Oh,
39%
Oh,
39%
scared
39%
act
35%
air
35%
explain
35%
finger
35%
fool
35%
game
35%
gotta
35%
like
35%
listening
35%
look
35%
middle
35%
someone's
35%
Sometimes
35%
stick
35%
think
35%
up
35%
your
35%
action
30%
bad
30%
bad,
30%
cannot
30%
head
30%
hit
30%
move
30%
playing
30%
reaction
30%
yeah)
30%
on
26%
Tell
26%
see
22%
Tryna
22%
turn
22%
(Ooh)
17%
right
17%
through
17%
біль
13%
свій
13%
дій
13%
Незважаючи
9%
продовжую
9%
бій
9%
Світ
9%
а
9%
headlights
9%
uh-uh
9%
uh-uh-uh
9%
палає,
4%
No matching quizzes found
Score Distribution
Percent of People with Each Score
Percentile by Number Answered
Your Score History
You have not taken this quiz